| 000 | 04587 a2200577 4500 | ||
|---|---|---|---|
| 003 | Nust | ||
| 005 | 20170207165240.0 | ||
| 035 | _a(CaPaEBR)ebr10114072 | ||
| 035 | _a(EBZ)ebs335473e | ||
| 035 | _a(EBZ)ebs335473e | ||
| 035 | _a(EBZ)ebs335473e | ||
| 035 | _a(EBZ)ebs335473e | ||
| 035 | _a(WaSeSS)ssj0000242308 | ||
| 035 | _a(WaSeSS)ssj0000242308 | ||
| 035 | _a(WaSeSS)ssj0000242308 | ||
| 035 | _a(WaSeSS)ssj0000242308 | ||
| 035 | _a(WaSeSS)ssj0000242308 | ||
| 035 | _a(WaSeSS)ssj0000242308 | ||
| 035 | _a(WaSeSS)ssj0000242308 | ||
| 040 | _cNust | ||
| 082 | 0 | 4 | _a609 |
| 100 | 1 | _aCarlisle, Rodney P. | |
| 245 | 1 | 0 |
_aScientific American inventions and discoveries(E Book) _h[Elektronisk resurs] _ball the milestones in ingenuity--from the discovery of fire to the invention of the microwave oven / _cRodney Carlisle. |
| 260 |
_aHoboken, N.J. : _bJohn Wiley & Sons, _cc2004. |
||
| 300 |
_aix, 502 p. : _bill. ; _c25 cm. |
||
| 500 | _aIncludes index. | ||
| 650 | 0 |
_aInventions _xHistory |
|
| 650 | 0 |
_aInventions _zUnited States |
|
| 650 | 0 | _aTechnological innovations | |
| 650 | 0 |
_aTechnology _xHistory |
|
| 655 | 7 | _aElectronic books. | |
| 856 | 4 | 0 | _uhttp://costello.pub.hb.se/login?url=http://site.ebrary.com/lib/boras/Top?id=10114072 |
| 856 | 4 | 0 | _uhttp://db.ub.oru.se/login?url=http://site.ebrary.com/lib/universitetsbiblioteket/Top?id=10114072 |
| 856 | 4 | 0 | _uhttp://ezproxy.bib.hh.se/login?url=http://site.ebrary.com/lib/halmstad/Top?id=10114072 |
| 856 | 4 | 0 | _uhttp://ezproxy.its.uu.se/login?url=http://site.ebrary.com/lib/uppsala/Top?id=10114072 |
| 856 | 4 | 0 | _uhttp://link.sub.su.se/sfxsub?url_ver=Z39.88-2004&ctx_ver=Z39.88-2004&ctx_enc=info:ofi/enc:UTF-8&rfr_id=info:sid/sfxit.com:opac_856&url_ctx_fmt=info:ofi/fmt:kev:mtx:ctx&sfx.ignore_date_threshold=1&rft.object_id=1000000000244169&svc_val_fmt=info:ofi/fmt:kev:mtx:sch_svc& |
| 856 | 4 | 0 | _uhttp://miman.bib.bth.se/login?url=http://site.ebrary.com/lib/bthbib/Top?id=10114072 |
| 856 | 4 | 0 | _uhttp://proxy.lib.chalmers.se/login?url=http://site.ebrary.com/lib/chalmers/Top?id=10114072 |
| 856 | 4 | 0 | _uhttp://proxy.lib.ltu.se/login?url=http://site.ebrary.com/lib/lulea/Top?channelName=lulea&cpage=1&docID=10114072 |
| 856 | 4 | 0 | _uhttp://sfx-46htu.hosted.exlibrisgroup.com/46htu?url_ver=Z39.88-2004&ctx_ver=Z39.88-2004&ctx_enc=info:ofi/enc:UTF-8&rfr_id=info:sid/sfxit.com:opac_856&url_ctx_fmt=info:ofi/fmt:kev:mtx:ctx&sfx.ignore_date_threshold=1&rft.object_id=1000000000244169&svc_val_fmt=info:ofi/fmt:kev:mtx:sch_svc& |
| 856 | 4 | 0 | _uhttp://sfx-46riks.hosted.exlibrisgroup.com/46riks?url_ver=Z39.88-2004&ctx_ver=Z39.88-2004&ctx_enc=info:ofi/enc:UTF-8&rfr_id=info:sid/sfxit.com:opac_856&url_ctx_fmt=info:ofi/fmt:kev:mtx:ctx&sfx.ignore_date_threshold=1&rft.object_id=1000000000244169&svc_val_fmt=info:ofi/fmt:kev:mtx:sch_svc& |
| 856 | 4 | 0 | _uhttp://sfxeu10.hosted.exlibrisgroup.com/sfxkth?url_ver=Z39.88-2004&ctx_ver=Z39.88-2004&ctx_enc=info:ofi/enc:UTF-8&rfr_id=info:sid/sfxit.com:opac_856&url_ctx_fmt=info:ofi/fmt:kev:mtx:ctx&sfx.ignore_date_threshold=1&rft.object_id=1000000000244169&svc_val_fmt=info:ofi/fmt:kev:mtx:sch_svc& |
| 856 | 4 | 0 | _uhttp://sfxeu11.hosted.exlibrisgroup.com/mah?url_ver=Z39.88-2004&ctx_ver=Z39.88-2004&ctx_enc=info:ofi/enc:UTF-8&rfr_id=info:sid/sfxit.com:opac_856&url_ctx_fmt=info:ofi/fmt:kev:mtx:ctx&sfx.ignore_date_threshold=1&rft.object_id=1000000000244169&svc_val_fmt=info:ofi/fmt:kev:mtx:sch_svc& |
| 856 | 4 | 0 | _uhttp://sfxeu11.hosted.exlibrisgroup.com/sfxslub?url_ver=Z39.88-2004&ctx_ver=Z39.88-2004&ctx_enc=info:ofi/enc:UTF-8&rfr_id=info:sid/sfxit.com:opac_856&url_ctx_fmt=info:ofi/fmt:kev:mtx:ctx&sfx.ignore_date_threshold=1&rft.object_id=1000000000244169&svc_val_fmt=info:ofi/fmt:kev:mtx:sch_svc& |
| 856 | 4 | 0 | _uhttp://sfxeu11.hosted.exlibrisgroup.com/sfxumub?url_ver=Z39.88-2004&ctx_ver=Z39.88-2004&ctx_enc=info:ofi/enc:UTF-8&rfr_id=info:sid/sfxit.com:opac_856&url_ctx_fmt=info:ofi/fmt:kev:mtx:ctx&sfx.ignore_date_threshold=1&rft.object_id=1000000000244169&svc_val_fmt=info:ofi/fmt:kev:mtx:sch_svc& |
| 856 | 4 | 0 | _uhttp://site.ebrary.com/lib/prvbib/Top?channelName=prvbib&cpage=1&docID=10114072 |
| 856 | 4 | 0 | _uhttp://www.du.se/proxy.aspx?url=http://site.ebrary.com/lib/dalarna/Top?id=10114072 |
| 856 | 4 | 0 | _uhttps://libraryproxy.his.se/login?url=http://site.ebrary.com/lib/hiskovde/Doc?id=10114072 |
| 856 | 4 | 0 | _uhttps://login.bibproxy.kau.se:8443/login?url=http://site.ebrary.com/lib/kaubib/Top?channelName=kaubib&cpage=1&docID=10114072 |
| 856 | 4 | 0 | _uhttps://lt.ltag.bibl.liu.se/login?url=http://site.ebrary.com/lib/linkoping/Top?channelName=linkoping&cpage=1&docID=10114072 |
| 942 |
_2ddc _cBK |
||
| 999 |
_c211157 _d211157 |
||